LEADER 01293nam a2200289 i 4500 001 000000146641 003 CaOOAMICUS 005 20060120000000.0 008 060120s2000 it u000 u ita u 013 $a123454 020 $a88-8227-073-4 040 $aSeMil$bita 100 1 $aDurrwell, François-Xavier,$d<1912- >.$0(OLS)http://semarc/name/19664 245 10$aEucaristia ed evangelizzazione :$bAlle origini della vocazione apostolica di tutta la chiesa /$cFrançois-Xavier Durrwell. 260 $aMagnano :$bQiqajon,$c2000. 300 $a116 p. ;$c19 cm. 490 0 $aLiturgia e vita 650 4$aEucaristia.$0(OLS)http://semarc/subject/3487 650 4$aEvangelizzazione.$0(OLS)http://semarc/subject/670 650 4$aEucaristia e evangelizzazione.$0(OLS)http://semarc/subject/28698 830 0$aLiturgia e vita.$0(OLS)http://semarc/title/424526 850 $aSeMil 852 $aSeMil$W1$xVenegono$y1$m2D I 208$j99277$B99277$CSeMilBibl$Z2$F107720 $81 961 $aCambio: Scuola Cattolica 996 $6020$a88-8227-073-4$9(OLS)http://semarc/number/135204 996 $6245$aEucaristia ed evangelizzazione :$bAlle origini della vocazione apostolica di tutta la chiesa$9(OLS)http://semarc/title/214429 996 $6260$aMagnano :$bQiqajon$9(OLS)http://semarc/publisher/32326 LEADER 00922nam a2200253 i 4500 001 000000054271 003 CaOOAMICUS 005 19970512000000.0 008 970512s1982 xx u000 u mul u 013 $a25443 040 $aSeMil$bita 245 10$aDocumenti ufficiali della Santa Sede, 1971-1973. 300 $a1976 p. 490 0 $aStrumenti 650 4$aSanta Sede - Documenti.$0(OLS)http://semarc/subject/697 710 2 $aSanta Sede.$0(OLS)http://semarc/name/1304 773 0 $aChiesa Cattolica$tEnchiridion Vaticanum.$dBologna : EDB, 1981-$g4$w()3307 830 0$aStrumenti.$0(OLS)http://semarc/title/6054 850 $aSeMil 852 $aSeMil$W1$xVenegono$y1$mSL1.X V 4$j20425$B20425$CSeMilBibl$Z2$F20427 $8I 910 2 $aChiesa Cattolica. 961 $aAcquisto: Casa editrice 996 $6245$aDocumenti ufficiali della Santa Sede, 1971-1973$9(OLS)http://semarc/title/83965